| 000 | 01029cam a22002651 4500 | ||
|---|---|---|---|
| 001 | l 51000002 | ||
| 003 | DLC | ||
| 005 | 20260227111542.0 | ||
| 008 | 821006s1949 sz 100 0 eng c | ||
| 010 | _al 51000002 | ||
| 035 | _a(OCoLC)8835189 | ||
| 040 |
_aU.S. Dept. of Labor. _cICarbS _dDLC |
||
| 042 | _apremarc | ||
| 050 | 0 | 0 |
_aHF4871 _b.I5 1949 |
| 082 | _a331.57 | ||
| 110 | 2 | _aInternational Labour Office. | |
| 245 | 1 | 0 | _aReport of the Governing Body of the International Labour Office on the working of the convention (no. 29) concerning forced or compulsory labour, 1930. |
| 260 |
_aGeneva, _c1949. |
||
| 300 |
_a23 p. _c32 cm. |
||
| 500 | _aAt head of title: International Labour Conference. 32d sess., Geneva, 1949. | ||
| 500 | _aThis "second quinquennial report" covers a period of eleven years. | ||
| 500 | _aFirst quinquennial report was submitted to the 23d sess., 1937. | ||
| 650 | 0 | _aService, Compulsory non-military. | |
| 711 | 2 |
_aInternational Labor Conference. _n32d sess., _cGeneva, _d1949. |
|
| 999 |
_c36716 _d36716 |
||